| 000 | 01344nam0a2200313 4500 | ||
|---|---|---|---|
| 001 | RU\NLR\bibl\544980 | ||
| 005 | 20260406070613.0 | ||
| 010 |
_a5-9524-0703-х _93000 |
||
| 021 |
_aRU _b2004-39540 _91966 |
||
| 035 | _a(NLR Aleph) 000537199 | ||
| 090 |
_a1390188 _c1390188 |
||
| 100 | _a20040816d2004 |||y0rusy50 ca | ||
| 101 | 0 | _arus | |
| 102 | _aRU | ||
| 105 | _aa ||||||||| | ||
| 200 | 1 |
_aПоход на Москву _e[Сб. _fСост., науч. ред., предисл. и коммент. д.и.н. Сергея Владимировича Волкова] |
|
| 210 |
_aМ. _cЦентрполиграф _d2004 |
||
| 215 |
_a733,[2] с., [4] л. ил., портр. _d22 |
||
| 225 | 1 |
_aРоссия забытая и неизвестная _iБелое движение |
|
| 606 | 0 |
_a"Белое движение" _jВоспоминания, записки и т.п. _xИстория _92081532 _3RU\NLR\auth\661257517 |
|
| 686 | _aЦ35(2)712-4,2г | ||
| 686 | _aТ3(2)712.9-497 | ||
| 686 | _aТ3(2)712.21 | ||
| 702 | 1 |
_4220 _7ca _8rus _aВолков _bС. В. _cд-р ист. наук _f1955- _gСергей Владимирович _910302 _3RU\NLR\auth\7727265 |
|
| 801 | 0 |
_aRU _bNLR _c20040816 _gPSBO |
|
| 801 | 1 |
_aRU _bNLR _c20040816 |
|
| 942 | _cBOOK | ||
| 980 | _aNB | ||